LEADER 00794nam0-22002771i-450- 001 990006105980403321 005 19980601 035 $a000610598 035 $aFED01000610598 035 $a(Aleph)000610598FED01 035 $a000610598 100 $a19980601d1957----km-y0itay50------ba 105 $a----m---00-yy 200 1 $a<>schweizerischen Patentregister$edissertation... der Universitat Zurich...$fEugene Brunner. 210 $aZurich$cJuris Verlag$d1957 215 $a99 p.$d24 cm 676 $a346.0486 700 1$aBrunner,$bEugene$0232325 801 0$aIT$bUNINA$gRICA$2UNIMARC 901 $aBK 912 $a990006105980403321 952 $aDISSERT. A 104$b53626$fFGBC 959 $aFGBC 996 $aSchweizerischen Patentregister$9575638 997 $aUNINA DB $aGIU01 LEADER 01165nam 2200349 n 450 001 996393506803316 005 20221108055401.0 035 $a(CKB)3450000000105470 035 $a(EEBO)2264209025 035 $a(UnM)9958369000971 035 $a(EXLCZ)993450000000105470 100 $a19941208d1682 uy 101 0 $aeng 135 $aurbn||||a|bb| 200 14$aThe merchant royal$b[electronic resource] $ea sermon preached at White-Hall, before the Kings Majesty at the nuptials of an honourable lord and his lady 210 $aLondon, $cPrinted by Tho. James for John Lawrence at the Angel in Cornhill near the Royal Exchange$d1682 215 $a[4], 36 p 300 $aReproduction of original in the British Library. 330 $aeebo-0018 606 $aWives$vEarly works to 1800 606 $aSermons, English$y17th century 615 0$aWives 615 0$aSermons, English 700 $aWilkinson$b Robert$cDr. in Divinity.$01003829 801 0$bCu-RivES 801 1$bCu-RivES 801 2$bCStRLIN 801 2$bCu-RivES 906 $aBOOK 912 $a996393506803316 996 $aThe merchant royal$92347550 997 $aUNISA LEADER 01833nas 2200517-a 450 001 9910146296803321 005 20260218112429.0 035 $a(CKB)1000000000440446 035 $a(CONSER)--2004214685 035 $a(DE-599)ZDB2709960-X 035 $a(DE-599)2709960-X 035 $a(EXLCZ)991000000000440446 100 $a20041007a20049999 --- a 101 0 $aeng 182 $cc$2rdamedia 183 $acr$2rdacarrier 200 00$aCampus technology 210 $aChatsworth, CA $c101 Communications$d2004- 210 $aChatsworeth, CA $c1105 Media, Inc 215 $a1 online resource 300 $aTitle from cover. 311 08$aPrint version: Campus technology. (DLC) 2004214685 (OCoLC)56668389 1553-7544 606 $aEducation$xData processing$vPeriodicals 606 $aEducation, Higher$xData processing$vPeriodicals 606 $aComputer-assisted instruction$vPeriodicals 606 $aEducational technology$vPeriodicals 606 $aComputer-assisted instruction$2fast$3(OCoLC)fst00872725 606 $aEducation$xData processing$2fast$3(OCoLC)fst00902579 606 $aEducation, Higher$xData processing$2fast$3(OCoLC)fst00903042 606 $aEducational technology$2fast$3(OCoLC)fst00903623 608 $aPeriodicals.$2fast 608 $aPeriodicals.$2lcgft 615 0$aEducation$xData processing 615 0$aEducation, Higher$xData processing 615 0$aComputer-assisted instruction 615 0$aEducational technology 615 7$aComputer-assisted instruction. 615 7$aEducation$xData processing. 615 7$aEducation, Higher$xData processing. 615 7$aEducational technology. 676 $a371.3 906 $aJOURNAL 912 $a9910146296803321 920 $aexl_impl conversion 996 $aCampus technology$92578249 997 $aUNINA